Henry's Clinical Diagnosis and Management by Laboratory Methods (Record no. 164)

MARC details
000 -LEADER
fixed length control field 00614nam a22002057a 4500
003 - CONTROL NUMBER IDENTIFIER
control field OSt
005 - DATE AND TIME OF LATEST TRANSACTION
control field 20191016131759.0
008 - FIXED-LENGTH DATA ELEMENTS--GENERAL INFORMATION
fixed length control field 140709b xxu||||| |||| 00| 0 eng d
020 ## - INTERNATIONAL STANDARD BOOK NUMBER
International Standard Book Number 9781437709742
040 ## - CATALOGING SOURCE
Transcribing agency DNLM
082 ## - DEWEY DECIMAL CLASSIFICATION NUMBER
Classification number QY25 M381h 2011
Item number M
100 ## - MAIN ENTRY--PERSONAL NAME
Personal name Mcpherson, Richard A.; Pincus, Matthew R.
9 (RLIN) 433
245 ## - TITLE STATEMENT
Title Henry's Clinical Diagnosis and Management by Laboratory Methods
250 ## - EDITION STATEMENT
Edition statement 22nd ed.
260 ## - PUBLICATION, DISTRIBUTION, ETC. (IMPRINT)
Place of publication, distribution, etc. Philadelphia:
Name of publisher, distributor, etc. Saunders,
Date of publication, distribution, etc. 2011
300 ## - PHYSICAL DESCRIPTION
Extent xxi,1543p;
Other physical details col.col
Dimensions 28cm
504 ## - BIBLIOGRAPHY, ETC. NOTE
Bibliography, etc Appendices, references, index included
650 ## - SUBJECT ADDED ENTRY--TOPICAL TERM
Topical term or geographic name as entry element Clinical chemistry
9 (RLIN) 428
942 ## - ADDED ENTRY ELEMENTS (KOHA)
Source of classification or shelving scheme Other/Generic Classification Scheme
Koha item type Open Shelf
Holdings
Withdrawn status Lost status Source of classification or shelving scheme Damaged status Not for loan Home library Current library Date acquired Source of acquisition Inventory number Total Checkouts Full call number Barcode Date last seen Date last checked out Koha item type
    Other/Generic Classification Scheme     MUST Main Library MUST Main Library 09/07/2014   12/35922 1 QY25 M381h 2011 M 2014-0513 17/08/2022 04/08/2022 Open Shelf
    Other/Generic Classification Scheme     MUST Main Library MUST Main Library 09/07/2014   13/37065   QY25 M381h 2011 M 2014-0514 09/07/2014   Open Shelf
    Other/Generic Classification Scheme     MUST Main Library MUST Main Library 09/07/2014   13/37066   QY25 M381h 2011 M 2014-0515 09/07/2014   Open Shelf
    Other/Generic Classification Scheme     MUST Main Library MUST Main Library 23/03/2015   14/38850   QY25 M381h 2011 M 2015-0543 23/03/2015   Open Shelf